| 000 | 00578pam a2200217 a 4500 | ||
|---|---|---|---|
| 001 | 1035268 | ||
| 005 | 20180117035628.0 | ||
| 008 | 890331s1989 nyu b 001 0 eng | ||
| 010 | _a 89007495 | ||
| 020 | _a0313266794 (lib. bdg. : alk. paper) | ||
| 040 |
_aDLC _cDLC _dDLC |
||
| 041 | _aeng | ||
| 080 | _a330.01 | ||
| 082 | 0 | 0 |
_a330.01 HOL _220 |
| 100 | 1 | _a52 | |
| 101 | _aEKO | ||
| 245 | 1 | 0 |
_aEconomic models and methodology / _cRandall G. Holcombe. |
| 504 | _aBibliography: p. [189]-196. | ||
| 906 |
_a7 _bcbc _corignew _d1 _eocip _f19 _gy-gencatlg |
||
| 942 |
_2ddc _cBK |
||
| 999 |
_c40409 _d40409 |
||